000 00972nam a22002777a 4500
003 OSt
005 20250827104341.0
008 250627b |||||||| |||| 00| 0 eng d
020 _a9780128097397 (hardcover)
020 _a9780128149881 (volume 2)
024 _cUSD 358
040 _aNUST
_beng
_cNUST
_dNUST
_erda
050 _aREF QD551.3 ENC
245 _aEncyclopedia of interfacial chemistry :
_bsurface science and electrochemistry, Volume 2 /
_cKlaus Wandelt.
260 _aAmsterdam, Netherlands :
_bElsevier,
_c©2018.
300 _axx, 685 pages :
_bIllustrations ;
_c28 cm.
336 _2rdacontent
_atext
_btxt
337 _2rdamedia
_aunmediated
_bn
338 _2rdacarrier
_avolume
_bnc
504 _aIncludes bibliographical references.
650 _vEncyclopedia.
650 _vSurface chemistry.
650 _vSurface chemistry -- Encyclopedias.
700 _aWandelt, Klaus
_eEditor
942 _2lcc
_cREF
_hQD551.3 ENC
_kQD
_mENC
_n0
999 _c172135
_d172135